Daily Capital City Riddle #82 - Statistics

General Stats
  • This quiz has been taken 46 times
  • The average score is 29 of 33
Answer Stats
Type Answer % Correct
Alphabet Letter A
100%
Found Letter I
100%
Alphabet Letter N
100%
Found Letter R
100%
Alphabet Letter S
100%
Found Letter E
97%
Alphabet Letter L
97%
Found Letter B
95%
Alphabet Letter D
95%
Alphabet Letter P
95%
Alphabet Letter G
92%
Alphabet Letter O
92%
Correctly Placed Letter B
89%
Alphabet Letter K
89%
Alphabet Letter M
89%
Found Letter T
89%
Correctly Placed Letter E
87%
Correctly Placed Letter I
87%
Correctly Placed Letter R
87%
Found Letter U
87%
Alphabet Letter W
87%
Alphabet Letter C
84%
Alphabet Letter H
84%
Alphabet Letter J
79%
Alphabet Letter Y
79%
Alphabet Letter Q
76%
Correctly Placed Letter U
76%
Alphabet Letter V
76%
Alphabet Letter X
76%
Alphabet Letter Z
76%
Mystery Capital Beirut
74%
Alphabet Letter F
74%
Correctly Placed Letter T
74%
No matching quizzes found
Score Distribution
Percent of People with Each Score
Percentile by Number Answered
Your Score History
You have not taken this quiz